The Element of Taoism
| Main Author: | |
|---|---|
| Format: | Book |
| Published: |
Kuala Lumpur :
Vinpress Sdn.Bhd. ,
1991
|
| Subjects: |
MARC
| LEADER | 00000cam a2200000 7i4500 | ||
|---|---|---|---|
| 001 | 0000005081 | ||
| 002 | 000005482 | ||
| 005 | 20000330.0 | ||
| 020 | |a 9678101335 | ||
| 090 | 0 | 0 | |a 229.514 |b PAL |
| 100 | 1 | |a Palmer, Mantin | |
| 245 | 1 | 4 | |a The Element of Taoism |c Martin Palmer |
| 260 | |a Kuala Lumpur : |b Vinpress Sdn.Bhd. , |c 1991 | ||
| 300 | |a 136p. ; |c 22cm. | ||
| 650 | 0 | 0 | |a Taoism |
| 999 | |a 030955 |b BUKU |c PINJAMAN |e PERPUSTAKAAN KOMUNITI PETALING JAYA | ||
| 999 | |a 030956 |b BUKU |c PINJAMAN |e PERPUSTAKAAN KOMUNITI PETALING JAYA | ||